000 00612nam a2200217Ia 4500
003 IIN
005 20240205153047.0
008 231217s9999 xx 000 0 und d
020 _cRs.290.00
_a9789354517501
040 _aIIN
_bEnglish
082 _a612
_bBHI
100 1 _aBhise, S.B.
245 2 _aA Textbook of Applied Physiology :
_bfor B.Sc Nursing /
_cS.B. Bhise, A.V. Yadav & Asma Murad Mujawar
260 _aPune :
_bNirali Prakashan,
_c2023
300 _a11.26p.
650 1 _aPhysiology
_vNursing
653 1 _aAnatomy
700 1 _aYadav , A.V.
700 1 _aMujawar, Asma Murad
942 _cBOOK
999 _c1638
_d1638